Coéquipiers de Kylian Mbappé - Mort Subite - Statistiques

Statistiques générales
  • Ce quiz a été pris 46 698 fois
  • Le résultat moyen est 4 sur 20
Answers on the Grid
Answers color-coded by a green-red scale on the quiz's grid according to % correct below.
Neymar Jr.
Lionel Messi
Cristiano Ronaldo
Sergio Ramos
Radamel Falcao
Bernardo Silva
João Moutinho
Stephan El Shaarawy
Lucas Ocampos
Anthony Martial
Cesc Fàbregas
Zlatan Ibrahimović
Ángel Di María
Ousmane Dembélé
Adrien Rabiot
Désiré Doué
Khvicha Kvaratskhelia
Bradley Barcola
Lucas Moura
Thiago Motta
David Beckham
Eden Hazard
Vinícius Júnior
Luka Modrić
Toni Kroos
Gareth Bale
Edinson Cavani
Javier Pastore
Lucas Chevalier
Alphonse Areola
Mike Maignan
Serge Aurier
Maxwell
Yohan Cabaye
Idrissa Gueye
Aurélien Tchouameni
 
Statistiques - réponses
Réponse % Correct
Neymar Jr.
41%
Lionel Messi
37%
Ousmane Dembélé
37%
Vinícius Júnior
35%
Aurélien Tchouameni
34%
Ángel Di María
30%
Bradley Barcola
29%
Sergio Ramos
29%
Adrien Rabiot
27%
Edinson Cavani
25%
Luka Modrić
23%
Alphonse Areola
21%
Idrissa Gueye
18%
Radamel Falcao
17%
Bernardo Silva
16%
João Moutinho
10%
Javier Pastore
6%
Lucas Moura
6%
Thiago Motta
6%
Stephan El Shaarawy
2%
Aucun quiz correspondant
Distribution des résultats
% des personnes avec chaque résultat
Percentile par nombre de réponses
Votre historique - résultats
Vous n’avez pas pris ce quiz